Arte y gestión de la producción audiovisual / (Registro nro. 28954)

Detalles MARC
000 -LEADER
campo de control de longitud fija 02203cam a22004334i 4500
003 - IDENTIFICADOR DE NÚMERO DE CONTROL
campo de control PE-LiUPU
005 - FECHA Y HORA DE LA ÚLTIMA TRANSACCIÓN
campo de control 20250731183413.0
008 - DATOS DE LONGITUD FIJA--INFORMACIÓN GENERAL
campo de control de longitud fija 180726s2015 ck a rb 000 0 spa d
020 ## - NÚMERO INTERNACIONAL ESTÁNDAR DEL LIBRO
Número Internacional Estándar del Libro 9789587622751
035 ## - NÚMERO DE CONTROL DEL SISTEMA
Número de control de sistema (Sirsi) a249389
040 ## - FUENTE DE CATALOGACIÓN
Centro catalogador/agencia de origen PE-LiUPU
Lengua de catalogación spa
Centro/agencia transcriptor PE-LiUPU
Normas de descripción rda
049 ## - FONDOS LOCALES (OCLC)
Biblioteca depositaria PRUA
082 04 - NÚMERO DE LA CLASIFICACIÓN DECIMAL DEWEY
Número de clasificación 791.457
Cutter C28
Número de edición 20
100 1# - ENTRADA PRINCIPAL--NOMBRE DE PERSONA
Nombre de persona Carpio Valdez, Santiago,
Término indicativo de función/relación autor.
245 10 - MENCIÓN DEL TÍTULO
Título Arte y gestión de la producción audiovisual /
Mención de responsabilidad, etc. Santiago Carpio Valdez.
250 ## - MENCION DE EDICION
Mención de edición Primera edición.
264 #1 - PRODUCCIÓN, PUBLICACIÓN, DISTRIBUCIÓN, FABRICACIÓN Y COPYRIGHT
Producción, publicación, distribución, fabricación y copyright Bogota :
Nombre del de productor, editor, distribuidor, fabricante Ediciones de la U,
Fecha de producción, publicación, distribución, fabricación o copyright 2015.
300 ## - DESCRIPCIÓN FÍSICA
Extensión 493 páginas :
Otras características físicas ilustraciones ;
Dimensiones 24 centímetros.
336 ## - TIPO DE CONTENIDO
Término de tipo de contenido text
Fuente rdacontent
337 ## - TIPO DE MEDIO
Nombre/término del tipo de medio unmediated
Fuente rdamedia
338 ## - TIPO DE SOPORTE
Nombre/término del tipo de soporte volume
Fuente rdacarrier
490 0# - MENCIÓN DE SERIE
Mención de serie Comunicación
504 ## - NOTA DE BIBLIOGRAFÍA, ETC.
Nota de bibliografía, etc. Bibliografía : páginas 485-493.
505 0# - NOTA DE CONTENIDO CON FORMATO
Nota de contenido con formato La comunicación transversal y los agentes de cambio -- Una visión de la comunicación -- La comunicación y la generación de un neoproductor -- La lógica de la producción -- Televisión digital: una nueva prespectiva en la comunicación audiovisual -- El productor -- El proceso de producción audiovisual -- El preproyecto -- El potencial del Perú como receptor de producciones cimentográficas internacionales -- El proyecto -- El sonido en la producción audiovisual -- La producción en los medios interactivos -- La producción en los nuevos media.
526 ## - NOTA DE INFORMACIÓN SOBRE EL PROGRAMA DE ESTUDIO
Nombre del programa Maestría Bim Facility Management (A distancia)
526 ## - NOTA DE INFORMACIÓN SOBRE EL PROGRAMA DE ESTUDIO
Nombre del programa
526 ## - NOTA DE INFORMACIÓN SOBRE EL PROGRAMA DE ESTUDIO
Nombre del programa Educación musical y artes
526 ## - NOTA DE INFORMACIÓN SOBRE EL PROGRAMA DE ESTUDIO
Nombre del programa Educación, especialidad educación física
526 ## - NOTA DE INFORMACIÓN SOBRE EL PROGRAMA DE ESTUDIO
Nombre del programa Arquitectura
541 ## - NOTA DE FUENTE DE ADQUISICIÓN DIRECTA
-- 002-00000234;
598 ## -
-- CATALOGING
596 ## -
-- 1
650 14 - PUNTO DE ACCESO ADICIONAL DE MATERIA--TÉRMINO DE MATERIA
Término de materia o nombre geográfico como elemento de entrada Medios audiovisuales.
910 ## - DATOS DE OPCIÓN DEL USUARIO (OCLC)
Datos de opción del usuario dbm
-- ncf
-- ncf
-- 20180726
942 ## - ELEMENTOS DE ENTRADA SECUNDARIOS (KOHA)
Fuente del sistema de clasificación o colocación Clasificación Decimal Dewey
Tipo de ítem Koha
994 ## -
-- C0
-- PEPRU
999 ## - NÚMEROS DE CONTROL DE SISTEMA (KOHA)
-- LC
-- 79265
-- 2021-11-8
-- 4
-- CCODEBUL1
-- BUL
-- 34.22
-- 0
-- Y
-- BOOK
-- 2018-7-26
-- EDUCACION
-- P07
-- COMPRA
-- FCOMPRA
-- .STAFF. Colección Ciencias Humanas y Educación
999 ## - NÚMEROS DE CONTROL DE SISTEMA (KOHA)
-- LC
-- 79266
-- 2021-11-8
-- 4
-- CCODEBUL1
-- BUL
-- 34.22
-- 2
-- 0
-- Y
-- BOOK
-- 2018-7-26
-- EDUCACION
-- P07
-- COMPRA
-- FCOMPRA
-- .STAFF. Colección Ciencias Humanas y Educación
980 ## - EQUIVALENCIA O REFERENCIA-CRUZADA-MENCIÓN DE SERIE--NOMBRE DE PERSONA/TÍTULO [LOCAL, CANADÁ]
ID del último usuario que modificó el registro 1
Nombre del último usuario que modificó el registro ALBERTO SANCHEZ Responsable de Automatización
Existencias
Visto por última vez Número de inventario Total de préstamos Signatura topográfica completa Código de barras Copia número Coste, precio de reemplazo Fecha de reemplazo Facultad Tipo de ítem Koha Nota pública Estado de pérdida Fuente del sistema de clasificación o colocación Restricciones de uso No para préstamo Colección Programa académico Biblioteca de origen Biblioteca actual Ubicación en estantería Fecha de adquisición Fuente de adquisición Coste, precio normal de compra
2025-12-03 5   791.457 C28 79265 e1 39.22 2018-07-26 FACIHED Libros físicos inventario-2023-12-13 No Perdido Clasificación Decimal Dewey No restringido Disponible para préstamos Colección General Ciencias de la comunicación Biblioteca CRAI UPeU Lima Biblioteca CRAI UPeU Lima Sala principal 2018-07-26 COMPRA 34.22
2025-12-03 5   791.457 C28 79266 e2 39.22 2018-07-26 FACIHED Libros físicos inventario-2023-12-13 No Perdido Clasificación Decimal Dewey No restringido Disponible para préstamos Colección General Ciencias de la comunicación Biblioteca CRAI UPeU Lima Biblioteca CRAI UPeU Lima Sala principal 2018-07-26 COMPRA 34.22